Jazyk a politika: na pomedzí lingvistiky a politológie V. zborník príspevkov z 5. ročníka medzinárodnej vedeckej konferencie = Proceedings of the 5th International Scientific Conference

Guardado en:
Detalles Bibliográficos
Autores Corporativos: Jazyk a politika: na pomedzí lingvistiky a politológie V.. medzinárodná vedecká konferencia, Ekonomická univerzita v Bratislave. Fakulta aplikovaných jazykov
Otros Autores: Štefančík, Radoslav, 1976-, Liďák, Ján, Lišková, Danuša
Formato: Libro
Lenguaje:eslovaco
inglés
alemán
ruso
checo
Publicado: Bratislava Vydavateľstvo EKONÓM 2020
Edición:1. vydanie
Materias:
Etiquetas: Agregar Etiqueta
Sin Etiquetas, Sea el primero en etiquetar este registro!

MARC

LEADER 00000nam a2200000 4500
001 0269246
005 20240502074222.4
020 |a 978-80-225-4743-7 
041 0 |a slo 
041 0 |a eng 
041 0 |a ger 
041 0 |a rus 
041 0 |a cze 
044 |a SK 
245 1 0 |a Jazyk a politika: na pomedzí lingvistiky a politológie V.  |b zborník príspevkov z 5. ročníka medzinárodnej vedeckej konferencie = Proceedings of the 5th International Scientific Conference  |c (ed.): Radoslav Štefančík 
250 |a 1. vydanie 
264 1 |a Bratislava  |b Vydavateľstvo EKONÓM  |c 2020 
300 |a 385 s. [23,36 AH] 
610 2 0 |a jazykoveda 
610 2 0 |a terminológia 
610 2 0 |a politológia 
610 2 0 |a politika 
610 2 0 |a komunikácia 
610 2 0 |a frazeológia 
610 2 0 |a médiá sociálne 
700 1 |a Štefančík, Radoslav, 1976- 
700 1 |a Liďák, Ján 
700 1 |a Lišková, Danuša 
110 2 |a Jazyk a politika: na pomedzí lingvistiky a politológie V.. medzinárodná vedecká konferencia 
710 2 |a Ekonomická univerzita v Bratislave. Fakulta aplikovaných jazykov